| 000 | 01002nam a2200289 a 4500 | ||
|---|---|---|---|
| 003 | DO-SdBNP | ||
| 005 | 20220825085442.0 | ||
| 007 | ta | ||
| 008 | 220824e2022 pr ||||gr|||| 001 edspa d | ||
| 020 | _a9789945608670 | ||
| 040 |
_aDO-SdBNP _bspa _cBNPHU |
||
| 082 | 4 |
_222 _bR822m 2022 |
|
| 100 | 1 |
_935095 _aRosario, Yvonne Denis, |
|
| 245 | 1 | 0 |
_aEl mito literario yoruba en la mujer negra: _btransdisciplinariedad en obras de Mayra Santos Febres y Fátima Patterson Patterson. / _cYvonne Denis Rosario |
| 250 | _a2a. ed. | ||
| 260 |
_aSan Juan, Puerto Rico : _bIsla Negra, _c2022 |
||
| 300 |
_a231 p. ; _c23 cm. |
||
| 490 | _aVisiones y Cegueras | ||
| 500 | _aIncluye datos biográficos de la autora en las solapas de las cubiertas. | ||
| 504 | _aBibliografía: p. 223- 231 | ||
| 590 | _aInventariado 2022 / MF | ||
| 650 | 4 |
_941273 _aLiteratura Caribeña |
|
| 650 | 4 |
_922427 _aMujeres Negras en la Literatura |
|
| 830 |
_aVisiones y Cegueras _91120 |
||
| 910 | _aMFeliz | ||
| 942 |
_2ddc _cLBS1 |
||
| 999 |
_c52319 _d52319 |
||